| 000 | 00406nam a2200157Ia 4500 | ||
|---|---|---|---|
| 008 | 231217s9999 xx 000 0 und d | ||
| 041 | _aEnglish | ||
| 082 | _a001.6424JAV HAR;1 | ||
| 100 | _aHarish, H. | ||
| 245 | 0 | _aJava programming : for 5th semester BCA BU | |
| 250 | _a2nd ed. | ||
| 260 |
_c2010 _bSubhash Stores _aBangalore |
||
| 300 | _a391 | ||
| 650 | _aJava,programming,5th,BU | ||
| 942 | _cAA | ||
| 999 |
_c196058 _d196058 |
||